Management of financial institutions: (Record no. 13654)

MARC details
000 -LEADER
fixed length control field 00887nam a22002297a 4500
005 - DATE AND TIME OF LATEST TRANSACTION
control field 20080613165215.0
008 - FIXED-LENGTH DATA ELEMENTS--GENERAL INFORMATION
fixed length control field 080613t xxu||||| |||| 00| 0 eng d
010 ## - LIBRARY OF CONGRESS CONTROL NUMBER
LC control number ENG-90287
020 ## - INTERNATIONAL STANDARD BOOK NUMBER
International Standard Book Number 8120335332
Terms of availability 250.00
035 ## - SYSTEM CONTROL NUMBER
System control number EN-73820
037 ## - SOURCE OF ACQUISITION
Source of stock number/acquisition DBAD / PUB
040 ## - CATALOGING SOURCE
Original cataloging agency DPL
Language of cataloging EN
082 ## - DEWEY DECIMAL CLASSIFICATION NUMBER
Classification number 332.10680954
100 ## - MAIN ENTRY--PERSONAL NAME
Personal name Sharma, Meera
245 ## - TITLE STATEMENT
Title Management of financial institutions:
Statement of responsibility, etc by Meera Sharma
Remainder of title with emphasis on bank and risk management /
260 ## - PUBLICATION, DISTRIBUTION, ETC. (IMPRINT)
Place of publication, distribution, etc New Delhi
Name of publisher, distributor, etc Prentice- Hall of India
Date of publication, distribution, etc 2008
270 ## - ADDRESS
Address M-97, Connaught Circus,
City New Delhi
Postal code 110001
300 ## - PHYSICAL DESCRIPTION
Extent xvi, 320p.
Dimensions 23 cm (pbk)
500 ## - GENERAL NOTE
General note Includes index
942 ## - ADDED ENTRY ELEMENTS (KOHA)
Koha item type English Books
Classification part 332.10680954
Source of classification or shelving scheme Dewey Decimal Classification
Call number suffix SHA
Holdings
Withdrawn status Lost status Damaged status Not for loan Collection code Home library Current library Date acquired Source of acquisition Cost, normal purchase price Total Checkouts Full call number Barcode Date last seen Copy number Cost, replacement price Price effective from Koha item type
      Not For Loan Non-fiction D.B.Act.Division D.B.Act.Division 13/06/2008 DBAD / PUB 250.00   332.10680954 SHA EN-73820 15/09/2008 1 250.00 15/09/2008 English Books

© Delhi Public Library
Hit Counter
free hit counter